Introduction to differential calculus : systematic studies with engineering applications for beginners /

"Through the use of examples and graphs, this book maintains a high level of precision in clarifying prerequisite materials such as algebra, geometry, coordinate geometry, trigonometry, and the concept of limits. The book explores concepts of limits of a function, limits of algebraic functions,...

Full description

Bibliographic Details
Other Authors: Rohde, Ulrich L.
Format: eBook
Language:English
Published: Hoboken, N.J. : Wiley, 2012.
Edition:1st ed.
Subjects:
Online Access:Full Text via HEAL-Link
LEADER 08014nam a2200709 4500
001 ocn773301085
003 OCoLC
005 20170124072423.5
006 m o d
007 cr cn|||||||||
008 120119s2012 njua ob 001 0 eng d
040 |a DG1  |b eng  |e pn  |c DG1  |d E7B  |d OCLCQ  |d YDXCP  |d CDX  |d COO  |d EBLCP  |d OCLCO  |d OCLCQ  |d COD  |d N$T  |d OCLCF  |d OCLCQ  |d IDEBK  |d RECBK  |d DEBSZ  |d DEBBG  |d OCLCQ  |d AZK  |d DG1  |d GrThAP 
019 |a 774290354  |a 778620454  |a 816881978  |a 864905879  |a 961536367  |a 962594211 
020 |a 9781118130155  |q (electronic bk.) 
020 |a 1118130154  |q (electronic bk.) 
020 |a 9781118130124  |q (electronic bk.) 
020 |a 111813012X  |q (electronic bk.) 
020 |a 1283400839 
020 |a 9781283400831 
020 |a 9781118130148  |q (electronic bk.) 
020 |a 1118130146  |q (electronic bk.) 
020 |z 1118117751 
020 |z 9781118117750  |q (hardback) 
024 8 |a 9786613400833 
028 0 1 |a EB00062723  |b Recorded Books 
029 1 |a AU@  |b 000049641591 
029 1 |a DEBBG  |b BV041907126 
029 1 |a DEBSZ  |b 431068496 
029 1 |a DKDLA  |b 820120-katalog:000600582 
029 1 |a NZ1  |b 14976134 
035 |a (OCoLC)773301085  |z (OCoLC)774290354  |z (OCoLC)778620454  |z (OCoLC)816881978  |z (OCoLC)864905879  |z (OCoLC)961536367  |z (OCoLC)962594211 
037 |a 10.1002/9781118130155  |b Wiley InterScience  |n http://www3.interscience.wiley.com 
050 4 |a QA304  |b .I59 2012 
072 7 |a MAT  |x 007000  |2 bisacsh 
072 7 |a PB  |2 bicssc 
082 0 4 |a 515/.33  |2 23 
049 |a MAIN 
245 0 0 |a Introduction to differential calculus :  |b systematic studies with engineering applications for beginners /  |c Ulrich L. Rohde [and others]. 
250 |a 1st ed. 
264 1 |a Hoboken, N.J. :  |b Wiley,  |c 2012. 
300 |a 1 online resource 
336 |a text  |b txt  |2 rdacontent 
337 |a computer  |b c  |2 rdamedia 
338 |a online resource  |b cr  |2 rdacarrier 
347 |a data file  |2 rda 
380 |a Bibliography 
505 0 |a Frontmatter -- From Arithmetic to Algebra -- The Concept of a Function -- Discovery of Real Numbers: Through Traditional Algebra -- From Geometry to Coordinate Geometry -- Trigonometry and Trigonometric Functions -- More About Functions -- The Concept of Limit of a Function -- Methods for Computing Limits of Algebraic Functions -- The Concept of Continuity of a Function, and Points of Discontinuity -- The Idea of a Derivative of a Function -- Algebra of Derivatives: Rules for Computing Derivatives of Various Combinations of Differentiable Functions -- Basic Trigonometric Limits and Their Applications in Computing Derivatives of Trigonometric Functions -- Methods of Computing Limits of Trigonometric Functions -- Exponential Form(s) of a Positive Real Number and its Logarithm(s): Pre-Requisite for Understanding Exponential and Logarithmic Functions -- Exponential and Logarithmic Functions and Their Derivatives -- Methods for Computing Limits of Exponential and Logarithmic Functions -- Inverse Trigonometric Functions and Their Derivatives -- Implicit Functions and Their Differentiation -- Parametric Functions and Their Differentiation -- Differentials ₃d₄ and ₃d₄: Meanings and Applications -- Derivatives and Differentials of Higher Order -- Applications of Derivatives in Studying Motion in a Straight Line -- Increasing and Decreasing Functions and the Sign of the First Derivative -- Maximum and Minimum Values of a Function -- Rolle's Theorem and the Mean Value Theorem (MVT) -- The Generalized Mean Value Theorem (Cauchy's MVT), L' Hospital's Rule, and their Applications -- Extending the Mean Value Theorem to Taylor's Formula: Taylor Polynomials for Certain Functions -- Hyperbolic Functions and Their Properties -- Appendix A (Related To Chapter-2): Elementary Set Theory -- Appendix B (Related To Chapter-4) -- Appendix C (Related To Chapter-20) -- Index. 
520 |a "Through the use of examples and graphs, this book maintains a high level of precision in clarifying prerequisite materials such as algebra, geometry, coordinate geometry, trigonometry, and the concept of limits. The book explores concepts of limits of a function, limits of algebraic functions, applications and limitations for limits, and the algebra of limits. It also discusses methods for computing limits of algebraic functions, and explains the concept of continuity and related concepts in depth. This introductory submersion into differential calculus is an essential guide for engineering and the physical sciences students"--  |c Provided by publisher. 
520 |a "This book explores the differential calculus and its plentiful applications in engineering and the physical sciences. The first six chapters offer a refresher of algebra, geometry, coordinate geometry, trigonometry, the concept of function, etc. since these topics are vital to the complete understanding of calculus. The book then moves on to the concept of limit of a function. Suitable examples of algebraic functions are selected, and their limits are discussed to visualize all possible situations that may occur in evaluating limit of a function, other than algebraic functions"--  |c Provided by publisher. 
504 |a Includes bibliographical references and index. 
500 |a Machine generated contents note: Chapter One. From Arithmetic to Algebra. Chapter Two. The Concept of Function. Chapter Three. Discovery of Real Numbers (Through Traditional Algebra). Chapter Four. From Geometry to Co-ordinate Geometry. Chapter Five. Trigonometry and Trigonometric Functions. Chapter Six. More about Functions. Chapter Seven. (a): The Concept of Limit of a Function. Chapter Seven. (b): Methods for Computing Limits of Algebraic Functions. Chapter Eight. The Concept of Continuity of a Function and the Points of Discontinuity. Chapter Nine. The Idea of Derivative of a Function. Chapter Ten. Algebra of Derivatives: Rules for Computing Derivatives of Various Combinations of Differentiable Functions. Chapter Eleven. (a): Basic Trigonometric Limits and Their Applications in Computing Derivatives of Trigonometric Functions. Chapter Eleven. (b): Methods of Computing Limits of Trigonometric Functions. Chapter Twelve: Exponential Form(s) of a Positive Real Numbers and its Logarithms. Chapter Thirteen. (a): Exponential and Logarithmic Functions as Their Derivatives. Chapter Thirteen. (b): Methods for Computing Limits and Exponential and Logarithmic Functions. Chapter Fourteen. Inverse Trigonometric Functions and Their Derivatives. Chapter Fifteen. (a): Implicit Functions and Their Differentiation. Chapter Fifteen. (b): Parametric Functions and Their Differentiation. Chapter Sixteen. Differentials 'dy' and 'dx': Meanings and Applications. Chapter Seventeen. Derivatives and Differentials of Higher Order. Chapter Eighteen. Applications of Derivatives in Studying Motion in a Straight Line. Chapter Nineteen. (a): Increasing and Decreasing Functions and the Sign of the First Derivative. Chapter Nineteen. (b): Maximum and Minimum Values of a Function. Chapter Twenty. Rolle's Theorem and the Mean Value Theorem (MVT). Chapter Twenty One. The Generalized Mean Value Theorem (Cauchy's MVT), L'Hospital's Rule, and Its Applications. Chapter Twenty Two. Extending the Mean Value Theorem to Taylor's Formula: Taylor Polynomials for Certain Functions. Chapter Twenty Three. Hyperbolic Functions and Their Properties. 
588 0 |a Print version record. 
650 0 |a Differential calculus  |v Textbooks. 
650 7 |a MATHEMATICS  |x Calculus.  |2 bisacsh 
650 7 |a MATHEMATICS  |x Differential Equations  |x General.  |2 bisacsh 
650 7 |a Differential calculus.  |2 fast  |0 (OCoLC)fst00893441 
655 4 |a Electronic books. 
655 7 |a Textbooks.  |2 fast  |0 (OCoLC)fst01423863 
700 1 |a Rohde, Ulrich L. 
776 0 8 |i Print version:  |t Introduction to differential calculus.  |b 1st ed.  |d Hoboken, N.J. : Wiley, 2012  |z 9781118117750  |w (DLC) 2011018421  |w (OCoLC)731913148 
856 4 0 |u https://doi.org/10.1002/9781118130155  |z Full Text via HEAL-Link 
994 |a 92  |b DG1